| 000 | 00821nam a22002537a 4500 | ||
|---|---|---|---|
| 005 | 20251108173348.0 | ||
| 008 | 250721s2000 xx 000 0 ara d | ||
| 020 | _a2844095429 | ||
| 082 | 1 | 4 | _aط/681.7/غيف |
| 100 | 1 | _aغيفورد، كلايف | |
| 245 | 1 | 0 | _aالآلات / |
| 246 | 1 | 1 | _aHow the future began : Machines |
| 264 | 1 |
_aبيروت : _bالدار العربية للعلوم، _c2000. |
|
| 300 | _a61ص. : مص | ||
| 490 | 0 | _aكيف بدأ المستقبل | |
| 650 | 1 | 7 | _aالمكنات |
| 650 | 1 | 7 | _aالإنسان الآلي الصناعي |
| 650 | 1 | 7 | _aالأسلحة |
| 650 | 1 | 7 | _aالطاقة |
| 653 | _a(سنة 14-10) ناشئون صغار | ||
| 710 | 2 | _aالدار العربية للعلوم . مركز التعريب و الترجمة | |
| 942 |
_2ddc _cBK |
||
| 999 |
_c102127 _d102127 |
||